zufällige deutsche lyrics #04 - Statistiken

Allgemein
  • Dieses Quiz wurde 104 mal gespielt
  • Das Durchschnittsergebnis liegt bei 116 aus 364
Antwortstatistiken
Antwort % Korrekt
ich
97%
Ich
97%
du
93%
Du
93%
wir
87%
da
84%
es
80%
Und
78%
und
78%
das
77%
die
74%
wie
70%
den
66%
bin
63%
für
60%
ein
58%
bis
56%
dass
56%
dich,
56%
dich
56%
in
56%
so
54%
hab‘
52%
Wär
52%
wär
52%
wo
52%
dir
51%
ma‘
51%
mich
51%
im
50%
mir
50%
mir:
50%
zu
50%
ist
49%
nicht
47%
nicht,
47%
was
47%
mein
46%
Mein
46%
wenn
46%
dein
42%
sag‘
41%
nur,
40%
nur
40%
sein
39%
mit
38%
Auch
37%
Aber
36%
dem
36%
sind
36%
dann
34%
immer
34%
auf
33%
von
33%
weil
33%
Weil
33%
bei
32%
oder
32%
her,
30%
ja
30%
Ja,
30%
warum
30%
einen
29%
„Hast
28%
alles
27%
mehr
27%
schon
27%
weißt
27%
Doch
23%
hat
23%
wieder
23%
mach‘
21%
mal,
21%
muss
21%
diese
19%
gut
19%
jetzt
18%
jetzt:
18%
Haus,
17%
so‘n
17%
viel
17%
hätt
16%
heut
16%
Zeit
16%
bleibt
14%
Durch
14%
wollen
14%
deinem
13%
glaub‘,
13%
meinen
13%
keiner
12%
nen
12%
ah
11%
ah,
11%
(ahh-
11%
frag‘
11%
geben,
11%
könnt
11%
meinem
11%
sich
11%
Teil
11%
vom
11%
wollt
10%
würd
10%
kauf‘
9%
konnt
9%
beide
8%
dieses
8%
schreib‘
8%
Baby,
6%
Baby
6%
dacht
6%
hoff‘,
6%
Wegen
6%
weiter,
6%
wohnen
6%
geil
4%
gibst
4%
glaube,
4%
hol‘
4%
Song
4%
Song,
4%
vermiss‘,
4%
wirst
4%
Yeah,
4%
dachte
3%
Dachte
3%
Gefühl
3%
grad
3%
hättest
3%
Mutter
3%
Sache
3%
Bye
2%
bye
2%
bye,
2%
(bye
2%
bye)
2%
fair,
2%
großen
2%
Sohn
2%
außer
1%
brenn‘
1%
erwartet
1%
Fans
1%
findest
1%
gefunkt
1%
geplatzt
1%
Guck
1%
hundert
1%
Ideal
1%
Jeremias
1%
Klunker
1%
krieg‘
1%
Neuen?“
1%
passierte,
1%
Rapper
1%
realisiere
1%
Ringfinger
1%
schaff‘s
1%
Ski Aggu
1%
Text
1%
Thema
1%
treffen,
1%
unterwegs,
1%
zeigt
1%
angerufen,
0%
bereue
0%
Blut
0%
Bock,
0%
Bundesplatz
0%
BYE X3
0%
ersten
0%
erzähl‘,
0%
Erzähl‘
0%
fünfzig
0%
gecheckt
0%
GEMA-Share
0%
hinauslaufen
0%
Indie-Rap
0%
Inspo
0%
Internet
0%
Liedern
0%
locker
0%
Mega
0%
mhh,
0%
nervig,
0%
Paras,
0%
Part,
0%
Party-Hit
0%
Prozent
0%
steckt
0%
steppen
0%
Therapeutin
0%
verletzt
0%
Verletzungen
0%
Vertrieb
0%
Wimpern
0%
Zimmer,
0%
Keine übereinstimmenden Quizze gefunden
Verteilung der Resultate
Anzahl Personen mit jedem Resultat
Perzentil nach korrekt beantworteten Fragen
Ihre Resultats-Entwicklung
Sie haben dieses Quiz noch nicht gespielt